| 000 | 00000nam 2200000za 4500 |
| 001 | 9.837012 |
| 003 | CaOODSP |
| 005 | 20250703084715 |
| 007 | cr ||||||||||| |
| 008 | 170518s1987 oncdb |o f|0| 0 eng d |
| 020 | |z0-660-12177-8 |
| 040 | |aCaOODSP|beng |
| 041 | |aeng|bfre |
| 043 | |an-cn--- |
| 086 | 1 |aM44-86/23E-PDF|zM44-86/23E |
| 245 | 00|aQuaternary geology of the Ottawa region, Ontario and Quebec |h[electronic resource] / |cedited by R.J. Fulton. |
| 260 | |aOttawa : |bGeological Survey of Canada, |cc1987. |
| 300 | |a47 p. : |bcharts, maps. |
| 490 | 1 |aGeological Survey of Canada. Paper ;|v86-23 |
| 500 | |aDigitized edition from print 2013 [produced by Natural Resources Canada]. |
| 504 | |aIncludes bibliographical references. |
| 520 | |a"The Ottawa region is a lowland area, underlain largely by flat-lying bedrock consisting of Paleozoic carbonates and shales, enclosed on the north, west, and south by uplands underlain by Precambrian igneous and metamorphic rocks"--Abstract. |
| 546 | |aAbstract in English and French. |
| 692 | 07|2gccst|aGeology |
| 700 | 1 |aFulton, R.J. |
| 710 | 1 |aCanada. |bEnergy, Mines and Resources Canada. |
| 710 | 2 |aGeological Survey of Canada. |
| 830 | #0|aPaper (Geological Survey of Canada)|v86-23|w(CaOODSP)9.815431 |
| 856 | 40|qPDF|s7.28 MB|uhttps://publications.gc.ca/collections/collection_2017/rncan-nrcan/M44-86-23-eng.pdf |